000 00596nam a2200229 a 4500
001 nice12345678
003 IN_TiNIC
005 20260116011702.0
008 050524s1973 bana grp 000 0 eng
020 _a
_c2.5
082 0 0 _a201
_bKEI
100 _aKeithahn, Ralph Richard
245 _aPilgrimage in India
_b an Autobiographical Fragment
260 _aBangalore
_bCISRS
_c1973
300 _a75p
500 _aincludes index and biblioraphy
505 2 _acisrs social research series no.11
700 1 _aKeithahn, Ralph Richard
902 _bSRS
942 _cBK
999 _c3398
_d3398